01641naa a2200241 i 45000010005000000030009000050050017000140080039000310400021000700410013000910800013001041000120001172450086002372460038003235000021003615200556003826500030009386500024009686550030009927000127010227110084011497730166012334982KOSZ 00520180403104018.0160113s2006 pl | f |100 ||pol cBPKdKOSZ 005/HR apolbeng a66.045.11 aORŁOWSKA, Magdalena.bPolitechnika Koszalińska - Wydział Mechaniczny,cKatedra Techniki Cieplnej i Chłodnictwa10aUrządzenie do pomiaru strumienia ciepła /cMagdalena Szpakowska, Marian Czapp.30aAppliance to survey a heat stream aDane z autopsji. aZasadniczym elementem stanowiska do badania konwekcyjnej wymiany ciepła jest aparat do pomiaru wielkości strumienia ciepła. Eksperymentalne badanie procesów konwekcyjnej wymiany ciepła wymaga stosowania wymiennika ciepła o specjalnej konstrukcji. Przykładem może być płytowy wymiennik ciepła, którego konstrukcja przedstawiona jest w niniejszym artykule. W urządzeniu tym wykorzystano zależność temperatury nasycenia skraplającej się pary wodnej od ciśnienia nasycenia - równego wartości ciśnienia barometrycznego. 0aTermodynamika techniczna. 0aWymienniki ciepła. 0aMateriały konferencyjne.1 aCZAPP, Marian.d1996 - 2004.bPolitechnika Koszalińska - Wydział Mechaniczny,cKatedra Techniki Cieplnej i Chłodnictwa22aKonferencja "Doktoranci dla gospodarki"d(2006;cKoszalin / Sarbinowo, Polska).0 iW :tZeszyty Naukowe Wydziału Mechanicznego Politechniki Koszalińskiej. -dKoszalin : Wydaw. Uczelniane Politechniki Koszalińskiej, 2006. -gNr 39, s. 83-87